[Event "Wch U16 Girls"]
[Site "Al Ain"]
[Date "2013.12.27"]
[Round "10"]
[White "Bagirova, Khatun"]
[Black "Saikhanzaya, Ganbaatar"]
[Result "1-0"]
[WhiteElo "1838"]
[BlackElo "1939"]
[PlyCount "91"]
[EventDate "2013.12.18"]
[EventType "swiss"]
[EventRounds "11"]
[EventCountry "UAE"]
[SourceTitle "CBM 158 Extra"]
[Source "ChessBase"]
[SourceDate "2014.02.28"]
[SourceVersion "1"]
[SourceVersionDate "2014.02.28"]
[SourceQuality "1"]

1. e4 e6 2. d4 d5 3. Nd2 Be7 4. Bd3 Nf6 5. e5 Nfd7 6. Ne2 c5 7. c3 Nc6 8. Nf3 cxd4 9. cxd4 Nf8 10. 0-0 Ng6 11. Re1 0-0 12. Bd2 Bd7 13. Rc1 Rc8 14. Bb1 b5 15. g3 f5 16. exf6 Rxf6 17. Nf4 Qf8 18. Bxg6 hxg6 19. Ne5 Be8 20. Ng4 Rf5 21. Nxe6 Qf7 22. Qe2 Bd7 23. Kh1 a6 24. Nf4 Bg5 25. Ne5 Nxe5 26. Rxc8+ Bxc8 27. dxe5 Be7 28. Kg1 Bb7 29. Be3 Qe8 30. Bd4 g5 31. Nd3 Qf8 32. g4 Rf3 33. Kg2 Rf7 34. e6 Rf6 35. Bxf6 d4+ 36. f3 Qxf6 37. a3 Bd5 38. b4 Bc4 39. Qe4 Bd6 40. e7 Bxe7 41. Qxe7 Qxe7 42. Rxe7 Bxd3 43. Rd7 Kf8 44. Rxd4 Bc4 45. Rd6 Ke7 46. Rxa6 1-0

[Event "ASEAN-ch U16 Girls 14th"]
[Site "Chiangmai"]
[Date "2013.06.12"]
[Round "7"]
[White "Mendoza, Shania Mae"]
[Black "Saikhanzaya, Ganbaatar"]
[Result "1-0"]
[WhiteElo "1847"]
[BlackElo "1949"]
[PlyCount "85"]
[EventDate "2013.06.08"]
[EventType "swiss"]
[EventRounds "9"]
[EventCountry "THA"]
[SourceTitle "EXT 2014"]
[Source "ChessBase"]
[SourceDate "2013.11.20"]
[SourceVersion "1"]
[SourceVersionDate "2013.11.20"]
[SourceQuality "1"]

1. e4 e6 2. d4 d5 3. Nc3 Bb4 4. e5 c5 5. Bd2 cxd4 6. Nb5 Be7 7. Nxd4 Nc6 8. Ngf3 Qc7 9. Nb5 Qb8 10. Qe2 a6 11. Nbd4 f6 12. exf6 Nxf6 13. Nxe6 Bxe6 14. Qxe6 Nd8 15. Qe2 0-0 16. 0-0-0 Bc5 17. Qd3 Nc6 18. Kb1 Ne7 19. Be3 b6 20. Nd4 Bxd4 21. Bxd4 Qc7 22. f3 Nc6 23. Bxf6 Rxf6 24. Qxd5+ Kh8 25. Bd3 Rc8 26. Qe4 Rh6 27. Rde1 Rf8 28. g3 b5 29. c3 Qd6 30. Bc2 b4 31. cxb4 Nxb4 32. a3 Nxc2 33. Kxc2 Qc5+ 34. Kb1 Rb6 35. Re3 h6 36. Rc1 Qb5 37. Rc2 Rfb8 38. Qd3 Qa4 39. Rce2 R6b7 40. Re4 Qc6 41. Qe3 Rb3 42. Qf4 Rxa3 43. Qxb8+ 1-0

[Event "Wch U16 Girls"]
[Site "Al Ain"]
[Date "2013.??.??"]
[Round "6"]
[White "Alboredo, Julia"]
[Black "Saikhanzaya, Ganbaatar"]
[Result "0-1"]
[WhiteElo "1830"]
[BlackElo "1939"]
[PlyCount "68"]
[EventDate "2013.12.18"]
[EventType "swiss"]
[EventRounds "11"]
[EventCountry "UAE"]
[SourceTitle "CBM 158 Extra"]
[Source "ChessBase"]
[SourceDate "2014.02.28"]
[SourceVersion "1"]
[SourceVersionDate "2014.02.28"]
[SourceQuality "1"]

1. e4 e6 2. d4 d5 3. Nd2 Be7 4. c3 Nf6 5. e5 Nfd7 6. Bd3 c5 7. Ne2 Nc6 8. Nf3 cxd4 9. cxd4 Nf8 10. 0-0 Ng6 11. a3 0-0 12. g3 f5 13. h4 Qe8 14. Kg2 Nh8 15. Rh1 Nf7 16. Qg1 Kh8 17. Qh2 Nh6 18. Ng5 Bd7 19. f3 Bd8 20. Be3 Bb6 21. h5 Nxe5 22. Rad1 Nxd3 23. Rxd3 Bb5 24. Rd2 e5 25. Re1 e4 26. Nc3 Bc4 27. Qh4 Qd7 28. Qf4 Rae8 29. Qh4 Bd8 30. fxe4 fxe4 31. Qh3 Qxh3+ 32. Nxh3 Ng4 33. Na4 Nxe3+ 34. Rxe3 Bf1+ 0-1

[Event "London Classic op 4th"]
[Site "London"]
[Date "2012.12.09"]
[Round "9"]
[White "Harari, Zaki"]
[Black "Saikhanzaya, Ganbaatar"]
[Result "1/2-1/2"]
[WhiteElo "2143"]
[BlackElo "1924"]
[PlyCount "108"]
[EventDate "2012.12.01"]
[EventType "swiss"]
[EventRounds "9"]
[EventCountry "ENG"]
[SourceTitle "EXT 2014"]
[Source "ChessBase"]
[SourceDate "2013.11.20"]
[SourceVersion "1"]
[SourceVersionDate "2013.11.20"]
[SourceQuality "1"]

1. e4 e6 2. d4 d5 3. Nc3 Bb4 4. a3 Bxc3+ 5. bxc3 dxe4 6. Qg4 Nf6 7. Qxg7 Rg8 8. Qh6 Rg6 9. Qe3 Nc6 10. Ne2 Ne7 11. Ng3 Ned5 12. Qd2 Qd6 13. c4 e3 14. fxe3 Rxg3 15. cxd5 Ne4 16. Qb4 Rg6 17. Qxd6 Nxd6 18. dxe6 Bxe6 19. Rg1 0-0-0 20. Bd3 f5 21. a4 h5 22. Ba3 Nf7 23. Be7 Re8 24. Bh4 Nh6 25. h3 Nf7 26. Kf2 Reg8 27. c4 Nd6 28. d5 Bd7 29. Be7 Ne4+ 30. Bxe4 fxe4 31. h4 Bg4 32. a5 Kd7 33. Bg5 R6g7 34. Rgb1 Rf7+ 35. Bf4 Kc8 36. a6 b6 37. c5 Rg6 38. d6 Bd7 39. Rc1 Kb8 40. Rab1 cxd6 41. cxb6 axb6 42. Rxb6+ Ka7 43. Rb7+ Kxa6 44. Rcc7 Rgg7 45. Kg1 Be6 46. Rxf7 Rxf7 47. Rxf7 Bxf7 48. Bxd6 Be6 49. Kh2 Kb5 50. Kg3 Kc6 51. Bb8 Kd5 52. Kf4 Bg4 53. Ba7 Bd1 54. Bd4 Bg4 1/2-1/2

[Event "London Classic op 4th"]
[Site "London"]
[Date "2012.12.04"]
[Round "4"]
[White "Saikhanzaya, Ganbaatar"]
[Black "Skutta, Bernd"]
[Result "1-0"]
[WhiteElo "1924"]
[BlackElo "2067"]
[PlyCount "105"]
[EventDate "2012.12.01"]
[EventType "swiss"]
[EventRounds "9"]
[EventCountry "ENG"]
[SourceTitle "CBM 151 Extra"]
[Source "ChessBase"]
[SourceDate "2012.12.18"]
[SourceVersion "1"]
[SourceVersionDate "2012.12.18"]
[SourceQuality "1"]

1. d4 Nf6 2. c4 g6 3. Nc3 Bg7 4. e4 d6 5. Nf3 0-0 6. Be2 Nbd7 7. 0-0 e5 8. Re1 Re8 9. d5 Nc5 10. Bf1 a5 11. Qc2 h6 12. Be3 b6 13. h3 Nh5 14. Qd2 g5 15. g3 Qf6 16. Nh2 Qg6 17. Bg2 Nf6 18. g4 Nh7 19. Qd1 Nf6 20. Bf3 Nh7 21. a3 Qf6 22. Bg2 Nf8 23. b4 axb4 24. axb4 Rxa1 25. Qxa1 Nd3 26. Rd1 Nf4 27. Nb5 Qd8 28. Qa7 Ne2+ 29. Kf1 Nd4 30. Bxd4 exd4 31. Qxc7 Ba6 32. Qc6 Bxb5 33. Qxb5 Ng6 34. Nf3 Rxe4 35. Nxg5 Rf4 36. Nf3 Qf6 37. Qe8+ Kh7 38. Qe2 Nh4 39. Nd2 Nxg2 40. Kxg2 Qg6 41. Nf3 h5 42. g5 f6 43. Qd3 Re4 44. Nxd4 fxg5 45. Ne6 Rh4 46. c5 Qxd3 47. Rxd3 Be5 48. Nxg5+ Kg6 49. Nf3 Re4 50. Nxe5+ Rxe5 51. cxb6 Re8 52. Re3 Kf7 53. Rxe8 1-0

[Event "Wch U16 Girls"]
[Site "Maribor"]
[Date "2012.11.14"]
[Round "7.11"]
[White "Dragieva, Denitza"]
[Black "Saikhanzaya, Ganbaatar"]
[Result "1-0"]
[WhiteElo "2027"]
[BlackElo "1904"]
[PlyCount "63"]
[EventDate "2012.11.08"]
[EventType "swiss"]
[EventRounds "11"]
[EventCountry "SLO"]
[SourceTitle "EXT 2013"]
[Source "ChessBase"]
[SourceDate "2012.11.22"]
[SourceVersion "1"]
[SourceVersionDate "2012.11.22"]
[SourceQuality "1"]

1. d4 d5 2. Nf3 Nf6 3. Bf4 c5 4. e3 Nc6 5. Be2 e6 6. 0-0 a6 7. c4 dxc4 8. dxc5 Qxd1 9. Rxd1 Nd5 10. Bd6 Bxd6 11. cxd6 Na5 12. Ne5 b5 13. d7+ Bxd7 14. Nxd7 Rd8 15. Nc5 Rc8 16. Ne4 Ke7 17. Nbc3 Nb6 18. Rd6 Rc6 19. Rad1 Rhc8 20. Bf3 b4 21. Rxc6 Nxc6 22. Nb1 Na4 23. Nd6 Rc7 24. Nxc4 Na7 25. b3 Nc5 26. g3 f6 27. Kg2 Nb5 28. Na5 Na7 29. Rc1 Kd8 30. Rxc5 Nb5 31. Rxc7 Kxc7 32. Nc6 1-0

[Event "Wch U16 Girls"]
[Site "Maribor"]
[Date "2012.11.12"]
[Round "5.11"]
[White "Imnadze, Nato"]
[Black "Saikhanzaya, Ganbaatar"]
[Result "0-1"]
[WhiteElo "2070"]
[BlackElo "1904"]
[PlyCount "122"]
[EventDate "2012.11.08"]
[EventType "swiss"]
[EventRounds "11"]
[EventCountry "SLO"]
[SourceTitle "EXT 2013"]
[Source "ChessBase"]
[SourceDate "2012.11.22"]
[SourceVersion "1"]
[SourceVersionDate "2012.11.22"]
[SourceQuality "1"]

1. e4 e6 2. Nc3 d5 3. Nf3 Nf6 4. e5 Nfd7 5. d4 c5 6. dxc5 Bxc5 7. Bd3 Nc6 8. Bf4 h6 9. Bg3 a6 10. 0-0 g5 11. Re1 Be7 12. Nd2 h5 13. h3 Nc5 14. Be2 g4 15. hxg4 h4 16. Bh2 Qb6 17. Nb3 Bd7 18. Bf1 0-0-0 19. Bf4 Qb4 20. Qd2 Rdg8 21. Nxc5 Bxc5 22. a3 Qd4 23. g5 Qxd2 24. Bxd2 h3 25. Nd1 Nd4 26. Rc1 h2+ 27. Kh1 Nf5 28. Ne3 Ne7 29. b4 Ba7 30. g3 Bc6 31. Bg2 Rg6 32. c4 Bxe3 33. Bxe3 d4 34. Bf4 Bxg2+ 35. Kxg2 Rg7 36. Rh1 Rgh7 37. Rcd1 Nf5 38. Kf1 Rh3 39. Ke2 Rd8 40. Rd3 Rdh8 41. Rd2 Kc7 42. Kf1 Kc6 43. Kg2 R3h7 44. f3 Rd8 45. g4 Nh4+ 46. Kf2 Ng6 47. Bg3 b5 48. cxb5+ Kxb5 49. Rxh2 Rxh2+ 50. Bxh2 d3 51. Ke3 Kc4 52. Rd1 Rh8 53. Rd2 Rh3 54. Ke4 Nh4 55. Bf4 Nxf3 56. Rf2 Nd4 57. Be3 Nc2 58. Bd2 Rh7 59. Rf3 Rh2 60. Rxd3 Re2+ 61. Be3 Ne1 0-1

[Event "Wch U16 Girls"]
[Site "Maribor"]
[Date "2012.11.10"]
[Round "3.35"]
[White "Gurcan, Aytolun"]
[Black "Saikhanzaya, Ganbaatar"]
[Result "0-1"]
[WhiteElo "1698"]
[BlackElo "1904"]
[PlyCount "80"]
[EventDate "2012.11.08"]
[EventType "swiss"]
[EventRounds "11"]
[EventCountry "SLO"]
[SourceTitle "EXT 2013"]
[Source "ChessBase"]
[SourceDate "2012.11.22"]
[SourceVersion "1"]
[SourceVersionDate "2012.11.22"]
[SourceQuality "1"]

1. e4 e6 2. d4 d5 3. exd5 exd5 4. Bd3 Bd6 5. Ne2 Bg4 6. f3 Bd7 7. Bf4 Qe7 8. 0-0 Bxf4 9. Nxf4 Qe3+ 10. Kh1 Qxf4 11. Re1+ Ne7 12. Nc3 c6 13. Qe2 Qd6 14. Qe3 Be6 15. Re2 0-0 16. Rae1 Ng6 17. g3 Nd7 18. Qg5 Nf6 19. Bxg6 hxg6 20. Re5 Rae8 21. Ne2 Nd7 22. Re3 Bf5 23. Nc3 Rxe3 24. Qxe3 Nf6 25. g4 Bd7 26. Qg5 Re8 27. Re5 Qf8 28. Ne2 Be6 29. h4 Nh7 30. Qc1 Qe7 31. Qe1 g5 32. Qf2 gxh4 33. f4 Nf6 34. Qxh4 Nxg4 35. Rg5 Bd7 36. f5 Qe4+ 37. Kg1 Qe3+ 38. Kh1 Nf2+ 39. Kg2 Qe4+ 40. Qxe4 Nxe4 0-1

[Event "MGL-ch (Women) 44th"]
[Site "Arvaikheer"]
[Date "2012.04.10"]
[Round "13"]
[White "Saikhanzaya, Ganbaatar"]
[Black "Khulan, Enkhsaikhan"]
[Result "1-0"]
[WhiteElo "1816"]
[BlackElo "1772"]
[PlyCount "55"]
[EventDate "2012.04.01"]
[EventType "tourn"]
[EventRounds "13"]
[EventCountry "MGL"]
[SourceTitle "EXT 2013"]
[Source "ChessBase"]
[SourceDate "2012.11.22"]
[SourceVersion "1"]
[SourceVersionDate "2012.11.22"]
[SourceQuality "1"]

1. d4 d5 2. c4 c6 3. Nf3 Nf6 4. e3 e6 5. Nc3 Bd6 6. Qc2 Nbd7 7. Bd3 0-0 8. 0-0 dxc4 9. Bxc4 b5 10. Bd3 Bb7 11. e4 e5 12. Ne2 h6 13. h3 Rc8 14. Be3 a6 15. dxe5 Nxe5 16. Nxe5 Bxe5 17. Bc5 Bd6 18. e5 Bxc5 19. exf6 Bd6 20. fxg7 Kxg7 21. Ng3 Bxg3 22. fxg3 Qg5 23. Rf4 Kh8 24. Raf1 Rc7 25. Rg4 Qe3+ 26. Kh2 Re7 27. Qc3+ Qe5 28. Rf6 1-0

[Event "MGL-ch (Women) 44th"]
[Site "Arvaikheer"]
[Date "2012.04.01"]
[Round "1"]
[White "Bilegjargal, Bayasgalan"]
[Black "Saikhanzaya, Ganbaatar"]
[Result "0-1"]
[WhiteElo "1886"]
[BlackElo "1816"]
[PlyCount "124"]
[EventDate "2012.04.01"]
[EventType "tourn"]
[EventRounds "13"]
[EventCountry "MGL"]
[SourceTitle "EXT 2013"]
[Source "ChessBase"]
[SourceDate "2012.11.22"]
[SourceVersion "1"]
[SourceVersionDate "2012.11.22"]
[SourceQuality "1"]

1. d4 d5 2. c4 c6 3. Nc3 Nf6 4. Nf3 e6 5. Bg5 Nbd7 6. e3 Qa5 7. Bxf6 Nxf6 8. Bd3 dxc4 9. Bxc4 Ne4 10. Qc2 Nxc3 11. bxc3 Bd6 12. Bd3 h6 13. 0-0 0-0 14. c4 c5 15. Rfe1 Bd7 16. Be4 Rab8 17. Rab1 Ba4 18. Qc1 b5 19. cxb5 Rxb5 20. Qa3 Rfb8 21. Rxb5 Qxb5 22. Rc1 Qb4 23. Qc3 Qxc3 24. Rxc3 f5 25. Bd3 cxd4 26. Nxd4 Kf7 27. g3 Kf6 28. Bc2 Bd7 29. Bb3 Rb6 30. f3 a5 31. Rc2 a4 32. Bc4 Rb1+ 33. Kf2 a3 34. Ne2 Ba4 35. Rc1 Rb2 36. Kg1 Bc5 37. Kf2 Bb4 38. h4 Bd2 39. Ra1 Bc3 40. Rc1 Bd2 41. Ra1 Bc2 42. Nd4 Bc3 43. Ne2 Bb1 44. Rxb1 Rxb1 45. Nxc3 Rc1 46. Nb5 Rxc4 47. Nxa3 Ra4 48. Nb5 Rxa2+ 49. Kf1 g5 50. hxg5+ hxg5 51. Nd4 e5 52. Ne2 g4 53. fxg4 fxg4 54. Nc3 Ra3 55. Nd1 Kf5 56. Kg2 Ra2+ 57. Kf1 Rd2 58. Nf2 Rb2 59. Nd1 Rb3 60. Ke2 Ra3 61. Kf1 Ke4 62. Nf2+ Kf3 0-1

[Event "World School-ch U15 Girls 7th"]
[Site "Krakow"]
[Date "2011.04.30"]
[Round "1"]
[White "Saikhanzaya, Ganbaatar"]
[Black "Rodriguez Rueda, Paula Andrea"]
[Result "0-1"]
[WhiteElo "1704"]
[BlackElo "2053"]
[PlyCount "79"]
[EventDate "2011.04.30"]
[EventType "swiss"]
[EventRounds "9"]
[EventCountry "POL"]
[SourceTitle "CBM 142 Extra"]
[Source "ChessBase"]
[SourceDate "2011.06.27"]
[SourceVersion "1"]
[SourceVersionDate "2011.06.27"]
[SourceQuality "1"]

1. d4 Nf6 2. c4 e6 3. Nf3 b6 4. g3 Ba6 5. Qa4 Be7 6. Bg2 Bb7 7. 0-0 0-0 8. Nc3 d5 9. Ne5 c5 10. dxc5 bxc5 11. Bf4 Qb6 12. Qb5 Nc6 13. e3 Rac8 14. Rfd1 Rfd8 15. cxd5 Nxe5 16. Bxe5 Nxd5 17. Qxb6 axb6 18. Na4 Bc6 19. Nc3 f6 20. Bh3 Kf7 21. Nxd5 Rxd5 22. Rxd5 Bxd5 23. Bc3 b5 24. a3 b4 25. Bd2 Ra8 26. Bg2 c4 27. a4 Ra5 28. h4 Ke8 29. e4 Bb7 30. Bf1 Ba6 31. Rc1 Rxa4 32. Bxc4 Bxc4 33. Rxc4 Ra2 34. Bxb4 Ra4 35. Rc8+ Kd7 36. Rg8 Rxb4 37. h5 Rb5 38. Kg2 Bd6 39. g4 Be5 40. Rd8+ 0-1

[Event "MGL-ch (Women)"]
[Site "Ulaanbaatar"]
[Date "2011.03.30"]
[Round "8"]
[White "Saikhanzaya, Ganbaatar"]
[Black "Battsetseg, Urjinbadam"]
[Result "0-1"]
[WhiteElo "1704"]
[BlackElo "1651"]
[PlyCount "94"]
[EventDate "2011.03.25"]
[EventType "tourn"]
[EventRounds "13"]
[EventCountry "MGL"]
[SourceTitle "CBM 141 Extra"]
[Source "ChessBase"]
[SourceDate "2011.05.03"]
[SourceVersion "1"]
[SourceVersionDate "2011.05.03"]
[SourceQuality "1"]

1. d4 d5 2. c4 c6 3. Nf3 Nf6 4. Nc3 e6 5. e3 Bd6 6. Bd3 0-0 7. 0-0 Nbd7 8. Qc2 e5 9. cxd5 cxd5 10. e4 exd4 11. Nxd5 Nxd5 12. exd5 h6 13. h3 Qf6 14. Qc4 Ne5 15. Nxe5 Bxe5 16. f4 Bd6 17. f5 Bd7 18. Bf4 Rac8 19. Qb3 Bxf4 20. Rxf4 Qe5 21. Raf1 Qe3+ 22. Kh1 Rc1 23. R4f3 Rxf1+ 24. Bxf1 Qc1 25. Kh2 Qc7+ 26. Kh1 Re8 27. f6 g6 28. Rg3 Bf5 29. Bc4 Re1+ 30. Bf1 Rxf1+ 31. Kh2 Qc1 32. Rf3 Rh1+ 33. Kg3 Qe1+ 34. Rf2 Rf1 35. Qf3 d3 36. Qf4 Qxf2+ 37. Qxf2 Rxf2 38. Kxf2 Kf8 39. Ke3 Ke8 40. g4 Be4 41. a3 Kd7 42. h4 Kd6 43. b3 Kxd5 44. a4 a5 45. g5 hxg5 46. hxg5 b6 47. Kd2 Kd4 0-1

[Event "MGL-ch (Women)"]
[Site "Ulaanbaatar"]
[Date "2011.03.26"]
[Round "3"]
[White "Saikhanzaya, Ganbaatar"]
[Black "Otgonjargal, Sengeravdan"]
[Result "0-1"]
[WhiteElo "1704"]
[BlackElo "2145"]
[PlyCount "83"]
[EventDate "2011.03.25"]
[EventType "tourn"]
[EventRounds "13"]
[EventCountry "MGL"]
[SourceTitle "CBM 141 Extra"]
[Source "ChessBase"]
[SourceDate "2011.05.03"]
[SourceVersion "1"]
[SourceVersionDate "2011.05.03"]
[SourceQuality "1"]

1. d4 Nf6 2. c4 d6 3. Nc3 c6 4. Nf3 Qc7 5. e3 e5 6. Qc2 Be7 7. Bd3 Bg4 8. Ne2 Nbd7 9. Nd2 d5 10. f3 Be6 11. a3 dxc4 12. Nxc4 0-0 13. b4 Rfe8 14. 0-0 Bxc4 15. Bxc4 Bd6 16. h3 exd4 17. Nxd4 Be5 18. Rb1 Nb6 19. Ba2 Nbd5 20. Nf5 Ne7 21. f4 Bd6 22. Rf3 Qd7 23. Nxe7+ Qxe7 24. Bb2 Ne4 25. Rd1 Kh8 26. Rd4 f6 27. g4 c5 28. Rc4 b5 29. Rxe4 Qxe4 30. Qxe4 Rxe4 31. Bd5 Rae8 32. Bxe4 Rxe4 33. Rf1 Kg8 34. Rd1 Bf8 35. bxc5 Bxc5 36. Rd8+ Kf7 37. Bd4 Bxd4 38. exd4 Rxf4 39. Rd7+ Kg6 40. Kg2 a6 41. Rd6 h6 42. Kg3 0-1

[Event "Moscow op-F (Women)"]
[Site "Moscow"]
[Date "2011.02.06"]
[Round "9"]
[White "Sysoykina, Lidia"]
[Black "Saikhanzaya, Ganbaatar"]
[Result "1-0"]
[WhiteElo "1943"]
[BlackElo "1704"]
[PlyCount "95"]
[EventDate "2011.01.29"]
[EventType "swiss"]
[EventRounds "9"]
[EventCountry "RUS"]
[SourceTitle "CBM 140 Extra"]
[Source "ChessBase"]
[SourceDate "2011.03.01"]
[SourceVersion "1"]
[SourceVersionDate "2011.03.01"]
[SourceQuality "1"]

1. e4 e6 2. d3 d5 3. Nd2 Nf6 4. Ngf3 Be7 5. g3 c5 6. Bg2 Nc6 7. 0-0 0-0 8. Re1 b5 9. e5 Nd7 10. Nf1 a5 11. h4 b4 12. c3 Ba6 13. Bf4 Rb8 14. Ne3 bxc3 15. bxc3 Qb6 16. Re2 Rfd8 17. Ng4 Qb5 18. Rd2 Nf8 19. h5 a4 20. h6 g6 21. Bg5 Nd7 22. c4 Qb4 23. Bxe7 Nxe7 24. Ng5 Qc3 25. Rc2 Qd4 26. Rac1 Rf8 27. Qe2 Nf5 28. Kh2 Rb6 29. f4 dxc4 30. dxc4 f6 31. Nf3 Bxc4 32. Rxc4 Qb2 33. R1c2 Qb5 34. Qd2 fxe5 35. fxe5 a3 36. Qg5 Qb1 37. Nd2 Qe1 38. Ne4 Rb1 39. Rc1 Rxc1 40. Rxc1 Qe2 41. Rc3 Rb8 42. Nef6+ Nxf6 43. Nxf6+ Kh8 44. Nd7 Re8 45. g4 Qb5 46. Nxc5 Qb8 47. Qf6+ Kg8 48. gxf5 1-0

[Event "Moscow op-F (Women)"]
[Site "Moscow"]
[Date "2011.02.04"]
[Round "7"]
[White "Semenova, Anastasia"]
[Black "Saikhanzaya, Ganbaatar"]
[Result "0-1"]
[WhiteElo "1870"]
[BlackElo "1704"]
[PlyCount "72"]
[EventDate "2011.01.29"]
[EventType "swiss"]
[EventRounds "9"]
[EventCountry "RUS"]
[SourceTitle "CBM 140 Extra"]
[Source "ChessBase"]
[SourceDate "2011.03.01"]
[SourceVersion "1"]
[SourceVersionDate "2011.03.01"]
[SourceQuality "1"]

1. e4 e6 2. d4 d5 3. exd5 exd5 4. Nf3 Nc6 5. c3 Bd6 6. Bd3 Bg4 7. h3 Bh5 8. 0-0 Nge7 9. Be3 Qd7 10. Nbd2 f5 11. Bg5 h6 12. Bxe7 Nxe7 13. Ne5 Bxd1 14. Nxd7 Kxd7 15. Raxd1 g5 16. Nf3 Rhf8 17. Rde1 Ng6 18. Ne5+ Bxe5 19. dxe5 Rae8 20. Bc2 Rxe5 21. Rxe5 Nxe5 22. f4 Nc4 23. fxg5 hxg5 24. Bxf5+ Kd6 25. Rf2 Ne3 26. Bb1 Rxf2 27. Kxf2 Nd1+ 28. Kg3 Ke5 29. h4 gxh4+ 30. Kxh4 Kf6 31. Kh5 Kg7 32. Bc2 Nxb2 33. Bb3 c6 34. Kg5 Nc4 35. Kf4 b5 36. g3 a5 0-1

[Event "Moscow op-F (Women)"]
[Site "Moscow"]
[Date "2011.01.29"]
[Round "1"]
[White "Ghader Pour, Shayesteh"]
[Black "Saikhanzaya, Ganbaatar"]
[Result "1-0"]
[WhiteElo "2212"]
[BlackElo "1704"]
[PlyCount "95"]
[EventDate "2011.01.29"]
[EventType "swiss"]
[EventRounds "9"]
[EventCountry "RUS"]
[SourceTitle "CBM 140 Extra"]
[Source "ChessBase"]
[SourceDate "2011.03.01"]
[SourceVersion "1"]
[SourceVersionDate "2011.03.01"]
[SourceQuality "1"]

1. e4 e6 2. d4 d5 3. Nd2 c5 4. exd5 Qxd5 5. Ngf3 cxd4 6. Bc4 Qd6 7. 0-0 Nf6 8. Nb3 Nc6 9. Nbxd4 Nxd4 10. Nxd4 a6 11. Re1 Be7 12. Bg5 0-0 13. c3 h6 14. Bh4 Qc7 15. Qe2 Bd7 16. Rad1 Rad8 17. Bd3 Rfe8 18. Bc2 Nd5 19. Qd3 g6 20. Bxe7 Rxe7 21. Bb3 Nf4 22. Qg3 Bc8 23. Qh4 Kg7 24. Nf5+ gxf5 25. Rxd8 Nxg2 26. Qd4+ e5 27. Rxc8 exd4 28. Rxc7 Rxc7 29. Kxg2 dxc3 30. bxc3 Kf6 31. Rd1 Kg5 32. Rd6 f6 33. Rb6 Rxc3 34. Rxb7 Rc6 35. Rb4 f4 36. Ra4 f5 37. Bc4 h5 38. Bxa6 Rc3 39. Be2 Rc5 40. Rc4 Re5 41. Bf3 Ra5 42. a4 Ra7 43. Bc6 Ra5 44. Kf3 h4 45. Bb5 Ra7 46. Rxf4 Rc7 47. Bd3 Rc3 48. Rxf5+ 1-0

[Event "Asian-ch U14 Girls"]
[Site "Beijing"]
[Date "2010.07.09"]
[Round "1.1"]
[White "Sahajasri, Cholleti"]
[Black "Saikhanzaya, Ganbaatar"]
[Result "1/2-1/2"]
[WhiteElo "2044"]
[BlackElo "1677"]
[PlyCount "83"]
[EventDate "2010.07.09"]
[EventType "swiss"]
[EventRounds "9"]
[EventCountry "CHN"]
[SourceTitle "EXT 2024"]
[Source "ChessBase"]
[SourceDate "2023.10.10"]
[SourceVersion "1"]
[SourceVersionDate "2023.10.10"]
[SourceQuality "1"]

1. d4 d5 2. Nf3 Nf6 3. c4 c6 4. Nc3 e6 5. e3 Nbd7 6. Qc2 Bd6 7. Bd3 dxc4 8. Bxc4 b5 9. Bd3 0-0 10. 0-0 Bb7 11. Rd1 Qe7 12. Ne2 a6 13. e4 e5 14. Ng3 g6 15. Bh6 Rfe8 16. Qc1 Ng4 17. Bg5 f6 18. Be3 exd4 19. Nxd4 Bxg3 20. hxg3 c5 21. Nf3 c4 22. Bc2 Nc5 23. b3 Bxe4 24. Bd4 Nd3 25. Bxd3 Bxd3 26. b4 Qe4 27. Qd2 Rad8 28. Bb2 Qe2 29. Nd4 Qxd2 30. Rxd2 Kf7 31. f3 Ne3 32. a4 Rxd4 33. Bxd4 Nc2 34. Rxc2 Bxc2 35. axb5 axb5 36. Ra7+ Re7 37. Rxe7+ Kxe7 38. g4 Ke6 39. Kf2 Bd3 40. Ke3 h5 41. gxh5 gxh5 42. g3 1/2-1/2